Responses for Show #5624 - Thursday, February 5, 2009

Contestants

[<< previous game]

Nick Leggatt, a teacher from Dallas, Texas

Herbie Tinsley, a quality control analyst originally from Youngstown, Ohio

Gail Flemmons, a history teacher from Clinton, Mississippi (whose 1-day cash winnings total $26,001)

[next game >>]

Jeopardy! Round responses

BIBLICAL QUOTES
ROCK FORMATIONS
FASHIONABLE COMMON BONDS
FUNDRAISING
DELAWARE
THE "FIRST" STATE
    $200 1
Delilah

Nick
    $200 26
Nirvana

Herbie
    $200 6
skirt

Herbie
    $200 21
board

Nick
    $200 16
Dover

Herbie
    $200 11
first mate

Gail
    $400 2
Thomas

Nick
    $400 27
Led Zeppelin

Nick
    $400 7
(Gail: What are glasses?)

gloves

GailNick
    $400 22
the IRS

Gail
    $400 17
1

Gail
    $400 12
first baseman

Herbie
    $600 3
"Let my people go"

Gail
    $600 28
(Herbie: Who are The Byrds?)

The White Stripes

HerbieNick
    $600 8
collars

Gail
    $600 23
cold call

Gail
    $600 18
butterfly

Herbie
    $600 13
the first family

Gail
    $1,000 4
John the Baptist

Gail
    $800 29
The Sex Pistols

Nick
    $800 9
(Gail: What are cuffs?)

heels

GailNick
    $800 24
in kind

Gail
    $800 19
du Pont

Gail
    $800 14
(Gail: What is first response?)

first strike

GailNick
    $1000 5
Solomon

Nick
    $1000 30
The Eagles

Nick
    $1000 10
purses

Gail
    $1000 25
direct mail

Triple Stumper
    $1000 20
Henry Hudson

Triple Stumper
    $1000 15
first violin

Herbie

Scores at the first commercial break (after clue 15):

Gail Herbie Nick
$2,000 $1,600 $3,600

Scores at the end of the Jeopardy! Round:

Gail Herbie Nick
$5,000 $2,000 $6,600

Double Jeopardy! Round responses

BASIC SCIENCE
REAL TO REEL
THROUGH THE 1800s WITH SARAH POLK
BULL
THERE ARE SOME STRINGS ATTACHED
COMMON ABBREVIATIONS
    $400 17
(Herbie: What is an atom?)

a molecule

GailHerbie
    $400 2
The Killing Fields

Gail
    $400 18
(Herbie: What is Virginia?)

North Carolina

Herbie
Triple Stumper
    $400 1
Urban Cowboy

Nick
    $400 12
a harp

Herbie
    $400 3
National Public Radio

Nick
    $800 24
chlorophyll

Nick
    $800 4
Angelina Jolie

Herbie
    $800 19
"Hail To The Chief"

Gail
    $800 25
Red Bull

Nick
    $800 13
a banjo

Nick
    $800 8
an individual retirement account

Gail
    $1200 23
the law of inertia

Herbie
    $1200 5
Amistad

Herbie
    $1200 20
neutrality

Herbie
    $1200 26
Sitting Bull (College)

Nick
    $1200 14
a sitar

Nick
    $1200 9
a political action committee

Gail
    $1600 22
(Nick: What is lead?)
(Herbie: What is coal?)

carbon

HerbieNick
Triple Stumper
    $1600 6
Awakenings

Nick
    $1600 29
a telephone

Herbie
    $1600 27
(Herbie: Uh...[no response].)

a bulldozer

Herbie
Triple Stumper
    $1600 15
a harpsichord

Gail
    $1600 10
a private first class

Herbie
    $4,000 21
a wavelength

Herbie
    $2000 7
A Cry In The Dark

Triple Stumper
    $2000 30
the lights

Nick
    $2,000 28
(Nick: What is Raleigh?)

Durham

Nick
    $2000 16
a lute

Herbie
    $2000 11
a digital video disc

Nick

Scores at the end of the Double Jeopardy! Round:

Gail Herbie Nick
$10,200 $12,000 $14,200

[wagering suggestions for these scores]

Final Jeopardy! Round responses

AMERICAN FICTION WRITERS
(Alex: He wrote Guys and Dolls.)
GailWho was Damon Runyon?
$10,198
HerbieWho is Riley?
$1,600
NickWho was Ring Lardner?
$10,001
Damon Runyon

Final scores:

Gail Herbie Nick
$20,398 $10,400 $4,199
2-day champion: $46,399 2nd place: $2,000 3rd place: $1,000

Game dynamics:

Coryat scores:

Gail Herbie Nick
$10,000 $10,000 $16,200
17 R
(including 1 DD),
3 W
15 R
(including 1 DD),
5 W
21 R,
2 W
(including 1 DD)

Combined Coryat: $36,200

[game clues] [game scores] [suggest correction]

Game tape date: 2008-11-19
The J! Archive is created by fans, for fans. Scraping, republication, monetization, and malicious use prohibited; this site may use cookies and collect identifying information. See terms. The Jeopardy! game show and all elements thereof, including but not limited to copyright and trademark thereto, are the property of Jeopardy Productions, Inc. and are protected under law. This website is not affiliated with, sponsored by, or operated by Jeopardy Productions, Inc. Join the discussion at JBoard.tv.